| 000 | 00369nam a22001337a 4500 | ||
|---|---|---|---|
| 003 | OSt | ||
| 008 | 210806b ||||| |||| 00| 0 eng d | ||
| 020 | _a9789352606207 | ||
| 082 |
_a551.48 _bRAJ/EN |
||
| 100 |
_aRajesh Srivastava _aAshu Jain _94917 |
||
| 245 | _aEngineering hydrology | ||
| 260 |
_aChennai _bMcGraw Hill Eucation (India) Private Limited _c2017 |
||
| 942 | _cBK | ||
| 999 |
_c17382 _d17382 |
||